| 000 | 00719naa a22002297u 4500 | ||
|---|---|---|---|
| 001 | 16733 | ||
| 003 | HDC | ||
| 007 | cr bn ---aaaaa | ||
| 008 | 210221t200909 xx 000 0 eng | ||
| 040 | _aHDC | ||
| 100 |
_aM. A. Mannan, _cDr. _eauthor _916437 |
||
| 245 | 0 |
_aCASH-WAQF CERTIFICATE / _cby Dr. M. A. Mannan |
|
| 336 |
_atext _2rdacontent |
||
| 337 |
_acomputer _2rdamedia |
||
| 338 |
_aonline resource _2rdacarrier |
||
| 650 |
_aIslamic ethics _9277 |
||
| 650 |
_aWaqf _9681 |
||
| 856 | _zRequest full-text at [email protected] | ||
| 942 | _2lcc | ||
| 942 | _cEIJ | ||
| 942 | _kEMAG 000586 | ||
| 999 |
_c14049 _d14049 |
||